<?xml version="1.0" encoding="UTF-8"?>
<record
    xmlns:xsi="http://www.w3.org/2001/XMLSchema-instance"
    xsi:schemaLocation="http://www.loc.gov/MARC21/slim http://www.loc.gov/standards/marcxml/schema/MARC21slim.xsd"
    xmlns="http://www.loc.gov/MARC21/slim">

  <leader>01024nam a22001577a 4500</leader>
  <controlfield tag="003">IT-RoPau</controlfield>
  <controlfield tag="005">20220918181107.0</controlfield>
  <controlfield tag="008">130527b        xxu||||| |||| 00| 0 eng d</controlfield>
  <datafield tag="040" ind1=" " ind2=" ">
    <subfield code="c">IT-RoPau</subfield>
  </datafield>
  <datafield tag="245" ind1=" " ind2=" ">
    <subfield code="a">Noi paolini. Appunti sul problema delle vocazioni</subfield>
  </datafield>
  <datafield tag="260" ind1=" " ind2=" ">
    <subfield code="a">Roma</subfield>
    <subfield code="b">SSP</subfield>
    <subfield code="c">s.d.</subfield>
  </datafield>
  <datafield tag="300" ind1=" " ind2=" ">
    <subfield code="a">16 pp.</subfield>
    <subfield code="c">24,5 cm</subfield>
  </datafield>
  <datafield tag="490" ind1=" " ind2=" ">
    <subfield code="a">Noi paolini</subfield>
    <subfield code="v">Numero unico</subfield>
  </datafield>
  <datafield tag="518" ind1=" " ind2=" ">
    <subfield code="a">Sommario

Presentazione di Don Silvio Pignotti
I risultati di un incontro
Una proposta vocazionale ai confratelli paolini di V. Iannuzzi
I mass-media strumenti vocazionali di Carlo Andreoli
La chiamata
Collaborazione per non morire di Gabriele Amorth
I giovani e i mass-media non utenti ma protagonisti di Rosario F. Esposito
Essere apostoli-testimoni
Un campo-scuola di orientamenti di Giulio Neroni
Movimento giovanile promotori delle comunicazioni sociali di  Iannuzzi - Andreoli
Lezioni sui mass-media in funzione vocazionale di Edoardo Falletti
Le vocazioni non hanno et&#xE0; - come si preparano i paolini - vocazioni adulte 
</subfield>
  </datafield>
  <datafield tag="942" ind1=" " ind2=" ">
    <subfield code="2">ddc</subfield>
    <subfield code="c">CR</subfield>
  </datafield>
  <datafield tag="999" ind1=" " ind2=" ">
    <subfield code="c">98625</subfield>
    <subfield code="d">98625</subfield>
  </datafield>
  <datafield tag="952" ind1=" " ind2=" ">
    <subfield code="0">0</subfield>
    <subfield code="1">0</subfield>
    <subfield code="2">ddc</subfield>
    <subfield code="4">0</subfield>
    <subfield code="6">P_D1</subfield>
    <subfield code="7">1</subfield>
    <subfield code="a">PAULUS</subfield>
    <subfield code="b">PAULUS</subfield>
    <subfield code="d">2013-05-27</subfield>
    <subfield code="l">0</subfield>
    <subfield code="o">P D1</subfield>
    <subfield code="r">2013-05-27 00:00:00</subfield>
    <subfield code="w">2013-05-27</subfield>
    <subfield code="y">CR</subfield>
  </datafield>
</record>
